[Event "ROU-chT 1st League 2019"]
[Site "Mamaia"]
[Date "2019.09.25"]
[Round "5.21"]
[White "Grigore, George-Gabriel"]
[Black "Svetushkin, Dmitry"]
[Result "0-1"]
[WhiteElo "2491"]
[BlackElo "2534"]
[Annotator "ChessBase"]
[PlyCount "72"]
[EventDate "2019.09.21"]
[EventType "team-tourn"]
[EventCountry "ROU"]
[SourceTitle "playchess.com"]
[Source "ChessBase"]
[SourceQuality "1"]
[TimeControl "40/5400+30:1800+30"]

1. d4 {[%emt 0:00:00]} d5 {[%emt 0:00:00]} 2. c4 {[%emt 0:00:05]} c6 {[%emt 0:00:00]} 3. Nc3 {[%emt 0:00:21]} Nf6 {[%emt 0:00:00]} 4. cxd5 {[%emt 0:00:15]} cxd5 {[%emt 0:00:11]} 5. Bf4 {[%emt 0:00:05]} Nc6 {[%emt 0:00:11]} 6. e3 {[%emt 0:00:09]} Bg4 {[%emt 0:00:27]} 7. f3 {[%emt 0:00:20]} Bd7 {[%emt 0:00:18]} 8. Bd3 {[%emt 0:00:13]} e6 {[%emt 0:00:23]} 9. g4 {[%emt 0:00:22]} Bb4 {[%emt 0:05:32]} 10. Nge2 {[%emt 0:03:30]} Qe7 {[%emt 0:00:44]} 11. a3 {[%emt 0:07:03]} e5 {[%emt 0:11:46]} 12. dxe5 {[%emt 0:04:59]} Bxc3+ {[%emt 0:00:14]} 13. Nxc3 {[%emt 0:00:16]} Nxe5 {[%emt 0:00:03]} 14. Be2 {[%emt 0:05:15]} Bc6 {[%emt 0:03:44]} 15. Qd4 {[%emt 0:12:21]} Ned7 {[%emt 0:07:11]} 16. Rd1 {[%emt 0:11:33]} O-O {[%emt 0:01:11]} 17. h4 {[%emt 0:04:47]} Nc5 {[%emt 0:02:03]} 18. Qe5 {[%emt 0:12:33]} Ne6 {[%emt 0:01:22]} 19. Bg3 {[%emt 0:03:51]} Rfe8 {[%emt 0:18:11]} 20. Rh2 {[%emt 0:10:45]} Rad8 {[%emt 0:01:34]} 21. h5 {[%emt 0:04:49]} d4 {[%emt 0:08:30]} 22. exd4 {[%emt 0:03:54]} Nd5 {[%emt 0:00:34]} 23. Kf1 {[%emt 0:07:25]} Nxc3 {[%emt 0:05:13]} 24. bxc3 {[%emt 0:00:11]} Qxa3 {[%emt 0:00:17]} 25. d5 {[%emt 0:03:00]} Nc5 {[%emt 0:11:31]} 26. Qf5 {[%emt 0:00:13]} Ba4 {[%emt 0:02:11]} 27. Re1 {[%emt 0:00:35]} Qxc3 {[%emt 0:00:29]} 28. d6 {[%emt 0:01:21]} Bc6 {[%emt 0:04:26]} 29. g5 {[%emt 0:02:52]} Bd7 {[%emt 0:03:47]} 30. Qd5 {[%emt 0:01:02]} Be6 {[%emt 0:01:01]} 31. Qd1 {[%emt 0:00:09]} Ne4 {[%emt 0:02:13]} 32. Bf4 {[%emt 0:00:06]} Nxd6 {[%emt 0:00:41]} 33. Qa1 {[%emt 0:01:10]} Qb4 {[%emt 0:02:04]} 34. Be5 {[%emt 0:00:41]} Nc4 {[%emt 0:02:53]} 35. Bxg7 {[%emt 0:00:29]} Ne3+ {[%emt 0:00:16]} 36. Kg1 {[%emt 0:00:45]} Nc2 {[%emt 0:00:06]} 0-1

[Event "ROU-chT 1st League 2019"]
[Site "Mamaia"]
[Date "2019.09.25"]
[Round "5.22"]
[White "Iordachescu, Viorel"]
[Black "Manea, Alexandru"]
[Result "1/2-1/2"]
[WhiteElo "2602"]
[BlackElo "2305"]
[Annotator "TA"]
[PlyCount "101"]
[EventDate "2019.09.21"]
[EventType "team-tourn"]
[EventCountry "ROU"]
[SourceTitle "playchess.com"]
[Source "ChessBase"]
[SourceQuality "1"]

{[%evp 15,101,18,21,-8,4,-11,7,6,15,13,3,11,14,0,10,10,8,0,2,2,8,3,14,8,16,18,22,11,8,0,16,11,26,14,13,7,25,0,18,0,17,0,31,29,27,18,25,11,38,27,27,16,40,40,43,42,42,35,31,27,29,21,38,32,71,24,24,26,31,18,38,32,32,0,0,0,38,38,41,41,41,0,0,0,0,0,0,0]} 1. e4 e6 2. d4 d5 3. Nc3 dxe4 4. Nxe4 Nd7 5. Nf3 Ngf6 6. Bg5 h6 7. Bh4 Be7 8. Nxf6+ Nxf6 9. Qe2 $146 {C10: French with 3 Nc3: Unusual Black 3rd moves and 3...dxe4} ({Predecessor:} 9. Bd3 c5 10. Qe2 cxd4 11. O-O-O Qa5 12. Kb1 Bd7 13. Ne5 Bc6 14. f4 O-O 15. Rhe1 Bd5 16. Bc4 Rfd8 17. f5 Bxc4 18. Qxc4 {½-½ (81) Savchenko,B (2562)-Rychagov,A (2548) Moscow 2018}) 9... Qd5 10. c3 a6 11. Qe5 Qxe5+ 12. Nxe5 b6 13. f3 Bb7 14. Bf2 Nd7 15. Nc4 O-O 16. Be2 Bd5 17. O-O Rfc8 18. Rfd1 Kf8 19. Ne3 Bb7 20. a4 Nf6 21. Nc4 Nd5 22. Bf1 Bg5 23. h4 Be7 24. Ne5 Rd8 25. Re1 Nf6 {[%cal Bd5f6,Bf6e8,Be8d6][%mdl 32]} 26. Red1 Rac8 27. Nc4 Ne8 28. Bd3 Nd6 29. Ne5 Ne8 30. b4 Nf6 31. b5 axb5 32. axb5 Ra8 33. Kf1 Rxa1 34. Rxa1 Ra8 35. Rxa8+ Bxa8 36. c4 Ke8 37. Ke2 Nd7 38. Nc6 Bd6 39. g4 e5 40. Be4 exd4 41. Bxd4 f6 42. h5 Kf8 43. Bd5 Bxc6 44. bxc6 $14 {[%mdl 4096] Endgame KBB-KBN} Nc5 45. Be3 Be5 46. f4 Bb2 47. g5 f5 48. Bf2 Ke7 $1 {The position is equal.} 49. Bg8 Ne6 50. Be3 Nd4+ 51. Bxd4 {Accuracy: White = 35%, Black = 54%.} 1/2-1/2

[Event "ROU-chT 1st League 2019"]
[Site "Mamaia"]
[Date "2019.09.25"]
[Round "5.23"]
[White "Szabo, Attila"]
[Black "Nevednichy, Vladislav"]
[Result "0-1"]
[WhiteElo "2239"]
[BlackElo "2522"]
[Annotator "ChessBase"]
[PlyCount "72"]
[EventDate "2019.09.21"]
[EventType "team-tourn"]
[EventCountry "ROU"]
[SourceTitle "playchess.com"]
[Source "ChessBase"]
[SourceQuality "1"]
[TimeControl "40/5400+30:1800+30"]

1. e4 {[%emt 0:00:00]} c5 {[%emt 0:00:18]} 2. Nf3 {[%emt 0:00:00]} d6 {[%emt 0:00:15]} 3. Bb5+ {[%emt 0:01:06]} Nd7 {[%emt 0:00:05]} 4. d4 {[%emt 0:00:45]} Ngf6 {[%emt 0:01:54]} 5. Nc3 {[%emt 0:04:20]} cxd4 {[%emt 0:03:00]} 6. Nxd4 {[%emt 0:04:46]} a6 {[%emt 0:06:36]} 7. Bxd7+ {[%emt 0:02:22]} Bxd7 {[%emt 0:01:38]} 8. O-O {[%emt 0:00:56]} b5 {[%emt 0:07:29]} 9. Re1 {[%emt 0:00:57]} e6 {[%emt 0:00:49]} 10. Bg5 {[%emt 0:07:41]} Be7 {[%emt 0:01:32]} 11. Qd3 {[%emt 0:02:51]} O-O {[%emt 0:06:18]} 12. a3 {[%emt 0:02:57]} Qb6 {[%emt 0:02:30]} 13. Rad1 {[%emt 0:01:53]} Rfc8 {[%emt 0:07:56]} 14. Nb3 {[%emt 0:11:15]} Be8 {[%emt 0:02:46]} 15. Bf4 {[%emt 0:19:46]} Rd8 {[%emt 0:02:16]} 16. h3 {[%emt 0:02:42]} a5 {[%emt 0:01:34]} 17. Be3 {[%emt 0:17:41]} Qb7 {[%emt 0:01:29]} 18. f3 {[%emt 0:00:35]} b4 {[%emt 0:03:03]} 19. axb4 {[%emt 0:00:06]} Qxb4 {[%emt 0:04:42]} 20. Bc1 {[%emt 0:04:20]} Nd7 {[%emt 0:03:52]} 21. Nd4 {[%emt 0:01:31]} Nc5 {[%emt 0:03:07]} 22. Qe2 {[%emt 0:01:22]} Rab8 {[%emt 0:04:16]} 23. Kh2 {[%emt 0:01:33]} a4 {[%emt 0:00:30]} 24. Nb1 {[%emt 0:02:12]} Bh4 {[%emt 0:00:22]} 25. g3 {[%emt 0:00:48]} Bf6 {[%emt 0:00:04]} 26. c3 {[%emt 0:00:31]} Qb7 {[%emt 0:00:29]} 27. Na3 {[%emt 0:00:24]} Nb3 {[%emt 0:02:31]} 28. Nxb3 {[%emt 0:00:49]} Qxb3 {[%emt 0:00:07]} 29. Rd3 {[%emt 0:03:10]} Qb7 {[%emt 0:02:26]} 30. Red1 {[%emt 0:00:28]} Be7 {[%emt 0:02:13]} 31. Kg2 {[%emt 0:00:17]} d5 {[%emt 0:01:20]} 32. c4 {[%emt 0:04:30]} dxe4 {[%emt 0:00:36]} 33. Qxe4 {[%emt 0:01:15]} Qxe4 {[%emt 0:01:32]} 34. fxe4 {[%emt 0:00:09]} Rxd3 {[%emt 0:00:39]} 35. Rxd3 {[%emt 0:00:07]} Bc6 {[%emt 0:00:02]} 36. Rd1 {[%emt 0:01:24]} Bxe4+ {[%emt 0:00:52]} 0-1

[Event "ROU-chT 1st League 2019"]
[Site "Mamaia"]
[Date "2019.09.25"]
[Round "5.24"]
[White "Costachi, Mihnea"]
[Black "Vasiesiu, Victor"]
[Result "1/2-1/2"]
[WhiteElo "2463"]
[BlackElo "2251"]
[Annotator "ChessBase"]
[PlyCount "49"]
[EventDate "2019.09.21"]
[EventType "team-tourn"]
[EventCountry "ROU"]
[SourceTitle "playchess.com"]
[Source "ChessBase"]
[SourceQuality "1"]
[TimeControl "40/5400+30:1800+30"]

1. d4 {[%emt 0:00:00]} Nf6 {[%emt 0:00:00]} 2. Nf3 {[%emt 0:00:35]} g6 {[%emt 0:00:00]} 3. g3 {[%emt 0:00:49]} Bg7 {[%emt 0:00:02]} 4. c4 {[%emt 0:00:43]} O-O {[%emt 0:00:10]} 5. Bg2 {[%emt 0:00:05]} d5 {[%emt 0:00:05]} 6. cxd5 {[%emt 0:04:59]} Nxd5 {[%emt 0:00:07]} 7. O-O {[%emt 0:01:31]} Nb6 {[%emt 0:00:05]} 8. Nc3 {[%emt 0:09:27]} Nc6 {[%emt 0:00:07]} 9. d5 {[%emt 0:00:26]} Bxc3 {[%emt 0:00:23]} 10. dxc6 {[%emt 0:04:41]} Bg7 {[%emt 0:01:33]} 11. Qxd8 {[%emt 0:07:49]} Rxd8 {[%emt 0:00:07]} 12. Bf4 {[%emt 0:00:02]} bxc6 {[%emt 0:06:20]} 13. Bxc7 {[%emt 0:01:04]} Rd7 {[%emt 0:00:30]} 14. Be5 {[%emt 0:00:31]} Ba6 {[%emt 0:08:56]} 15. Bxg7 {[%emt 0:09:25]} Kxg7 {[%emt 0:00:06]} 16. Rfe1 {[%emt 0:01:36]} f6 {[%emt 0:12:46]} 17. Rac1 {[%emt 0:01:11]} Bb7 {[%emt 0:06:56]} 18. Red1 {[%emt 0:05:42]} Rad8 {[%emt 0:00:46]} 19. Rxd7 {[%emt 0:00:05]} Rxd7 {[%emt 0:00:05]} 20. Kf1 {[%emt 0:08:09]} c5 {[%emt 0:00:59]} 21. Bh3 {[%emt 0:00:11]} Rd5 {[%emt 0:06:44]} 22. b3 {[%emt 0:05:59]} e5 {[%emt 0:05:28]} 23. e4 {[%emt 0:11:42]} Rd6 {[%emt 0:02:26]} 24. Rxc5 {[%emt 0:01:51]} Bxe4 {[%emt 0:00:10]} 25. Ke2 {[%emt 0:02:18]} 1/2-1/2

[Event "ROU-chT 1st League 2019"]
[Site "Mamaia"]
[Date "2019.09.25"]
[Round "5.25"]
[White "Kozak, Adam"]
[Black "Zubov, Alexander"]
[Result "1/2-1/2"]
[WhiteElo "2512"]
[BlackElo "2612"]
[Annotator "TA"]
[PlyCount "24"]
[EventDate "2019.09.21"]
[EventType "team-tourn"]
[EventCountry "ROU"]
[SourceTitle "playchess.com"]
[Source "ChessBase"]
[SourceQuality "1"]

{[%evp 15,24,8,6,-10,16,14,22,22,35,30,28]} 1. Nf3 d5 2. g3 g6 3. Bg2 Bg7 4. d4 Nf6 5. O-O c6 6. c4 O-O 7. Qb3 Qb6 8. Nc3 Rd8 9. Bd2 {D78: Fianchetto Grünfeld: 6 0-0 c6} Ne4 $146 ({Predecessor:} 9... dxc4 10. Qxc4 Be6 11. Qa4 Bf5 12. Rfe1 Ne4 13. Nxe4 Bxe4 14. Ba5 Qa6 15. Qa3 Re8 16. Bf1 c5 {½-½ (38) Tomashevsky,E (2718)-Nepomniachtchi,I (2776) Khanty-Mansiysk 2019}) 10. Bf4 Qxb3 11. axb3 Be6 12. cxd5 Bxd5 1/2-1/2

[Event "ROU-chT 1st League 2019"]
[Site "Mamaia"]
[Date "2019.09.25"]
[Round "5.26"]
[White "Sivuk, Vitaly"]
[Black "Gavrilescu, David"]
[Result "1-0"]
[WhiteElo "2559"]
[BlackElo "2451"]
[Annotator "ChessBase"]
[PlyCount "81"]
[EventDate "2019.09.21"]
[EventType "team-tourn"]
[EventCountry "ROU"]
[SourceTitle "playchess.com"]
[Source "ChessBase"]
[SourceQuality "1"]
[TimeControl "40/5400+30:1800+30"]

1. d4 {[%emt 0:00:03]} d5 {[%emt 0:00:00]} 2. c4 {[%emt 0:00:10]} e6 {[%emt 0:00:13]} 3. Nc3 {[%emt 0:00:09]} Bb4 {[%emt 0:00:28]} 4. e3 {[%emt 0:00:16]} Nf6 {[%emt 0:00:30]} 5. Nf3 {[%emt 0:00:12]} O-O {[%emt 0:01:16]} 6. Bd3 {[%emt 0:00:07]} dxc4 {[%emt 0:01:03]} 7. Bxc4 {[%emt 0:00:08]} c5 {[%emt 0:00:08]} 8. O-O {[%emt 0:00:09]} Nc6 {[%emt 0:00:17]} 9. a3 {[%emt 0:00:26]} Ba5 {[%emt 0:00:22]} 10. Qd3 {[%emt 0:00:25]} a6 {[%emt 0:00:44]} 11. Ne4 {[%emt 0:00:22]} b5 {[%emt 0:05:49]} 12. Nxf6+ {[%emt 0:00:18]} Qxf6 {[%emt 0:00:06]} 13. Qe4 {[%emt 0:00:07]} Bb7 {[%emt 0:00:21]} 14. Bd3 {[%emt 0:00:08]} g6 {[%emt 0:00:39]} 15. dxc5 {[%emt 0:00:08]} Nb4 {[%emt 0:03:29]} 16. Qe5 {[%emt 0:00:15]} Qxe5 {[%emt 0:00:53]} 17. Nxe5 {[%emt 0:00:07]} Nxd3 {[%emt 0:00:12]} 18. Nxd3 {[%emt 0:00:06]} Rfd8 {[%emt 0:00:19]} 19. Ne5 {[%emt 0:00:16]} Bc7 {[%emt 0:00:12]} 20. Nf3 {[%emt 0:00:06]} Bxf3 {[%emt 0:00:30]} 21. gxf3 {[%emt 0:00:06]} Be5 {[%emt 0:00:08]} 22. Rb1 {[%emt 0:01:52]} Rd3 {[%emt 0:04:32]} 23. f4 {[%emt 0:20:36]} Bg7 {[%emt 0:02:54]} 24. Re1 {[%emt 0:03:10]} a5 {[%emt 0:12:35]} 25. e4 {[%emt 0:02:03]} Bd4 {[%emt 0:13:16]} 26. Be3 {[%emt 0:01:04]} a4 {[%emt 0:03:18]} 27. Kf1 {[%emt 0:08:36]} Rd8 {[%emt 0:11:58]} 28. c6 {[%emt 0:17:30]} Bxe3 {[%emt 0:06:08]} 29. Rxe3 {[%emt 0:00:24]} R3d4 {[%emt 0:02:09]} 30. Rc1 {[%emt 0:06:07]} Rc8 {[%emt 0:01:55]} 31. Rc5 {[%emt 0:00:53]} b4 {[%emt 0:06:15]} 32. Ke2 {[%emt 0:03:15]} Kf8 {[%emt 0:03:23]} 33. Rd3 {[%emt 0:03:36]} Rxe4+ {[%emt 0:05:10]} 34. Kf3 {[%emt 0:00:06]} f5 {[%emt 0:00:53]} 35. Rd7 {[%emt 0:00:11]} bxa3 {[%emt 0:00:07]} 36. bxa3 {[%emt 0:00:06]} Ke8 {[%emt 0:00:07]} 37. Rxh7 {[%emt 0:00:30]} Kd8 {[%emt 0:00:08]} 38. c7+ {[%emt 0:01:29]} Ke8 {[%emt 0:00:06]} 39. Rc6 {[%emt 0:00:06]} Re1 {[%emt 0:00:45]} 40. Rd6 {[%emt 0:00:00]} Rc1 {[%emt 0:00:00]} 41. Rd8+ {[%emt 0:00:37]} 1-0

[Event "ROU-chT 1st League 2019"]
[Site "Mamaia"]
[Date "2019.09.25"]
[Round "5.27"]
[White "Carmaciu, Lucian-Catalin"]
[Black "Georgescu, Tiberiu-Marian"]
[Result "1/2-1/2"]
[WhiteElo "2375"]
[BlackElo "2508"]
[Annotator "ChessBase"]
[PlyCount "30"]
[EventDate "2019.09.21"]
[EventType "team-tourn"]
[EventCountry "ROU"]
[SourceTitle "playchess.com"]
[Source "ChessBase"]
[SourceQuality "1"]
[TimeControl "40/5400+30:1800+30"]

1. e4 {[%emt 0:00:00]} e5 {[%emt 0:00:00]} 2. Nf3 {[%emt 0:00:00]} Nc6 {[%emt 0:00:10]} 3. Bc4 {[%emt 0:00:05]} Bc5 {[%emt 0:00:15]} 4. c3 {[%emt 0:00:20]} Nf6 {[%emt 0:00:09]} 5. d3 {[%emt 0:00:14]} d6 {[%emt 0:01:10]} 6. Bg5 {[%emt 0:01:33]} h6 {[%emt 0:02:54]} 7. Bh4 {[%emt 0:00:05]} g5 {[%emt 0:10:48]} 8. Bg3 {[%emt 0:00:06]} Qe7 {[%emt 0:10:59]} 9. a4 {[%emt 0:07:45]} a5 {[%emt 0:02:25]} 10. Nbd2 {[%emt 0:00:40]} Nh5 {[%emt 0:09:45]} 11. Nb3 {[%emt 0:22:58]} Bb6 {[%emt 0:08:56]} 12. Qe2 {[%emt 0:24:16]} Bg4 {[%emt 0:05:11]} 13. h3 {[%emt 0:00:23]} Be6 {[%emt 0:03:54]} 14. Nfd2 {[%emt 0:03:02]} Nxg3 {[%emt 0:07:22]} 15. fxg3 {[%emt 0:00:03]} O-O-O {[%emt 0:03:41]} 1/2-1/2

[Event "ROU-chT 1st League 2019"]
[Site "Mamaia"]
[Date "2019.09.25"]
[Round "5.28"]
[White "David, Alexandru-Vasile"]
[Black "Gilea, Lucian"]
[Result "1-0"]
[WhiteElo "2424"]
[BlackElo "2291"]
[Annotator "NA"]
[PlyCount "79"]
[EventDate "2019.09.21"]
[EventType "team-tourn"]
[EventCountry "ROU"]
[SourceTitle "playchess.com"]
[Source "ChessBase"]
[SourceQuality "1"]
[TimeControl "40/5400+30:1800+30"]

1. d4 {[%emt 0:00:35]} f5 {[%emt 0:00:35]} 2. Bg5 {[%emt 0:00:00]} h6 {[%emt 0:00:00]} 3. Bd2 {[%emt 0:01:43]} Nf6 {[%emt 0:00:53]} 4. e3 {[%emt 0:00:31]} d6 {[%emt 0:06:45]} 5. Nc3 {[%emt 0:01:54]} e6 {[%emt 0:06:22]} 6. Be2 {[%emt 0:02:06]} g6 {[%emt 0:00:20]} 7. Nh3 {[%emt 0:00:07]} Qe7 {[%emt 0:04:41]} 8. Nf4 {[%emt 0:14:32]} Qf7 {[%emt 0:00:03]} 9. O-O {[%emt 0:00:09]} e5 {[%emt 0:01:43]} 10. dxe5 {[%emt 0:03:05]} dxe5 {[%emt 0:00:03]} 11. Nd3 {[%emt 0:00:28]} Nc6 {[%emt 0:00:29]} 12. f4 {[%emt 0:01:28]} exf4 {[%emt 0:10:09]} 13. exf4 {[%emt 0:01:07]} Bg7 {[%emt 0:02:51]} 14. Ne5 {[%emt 0:08:11]} Nxe5 {[%emt 0:01:59]} 15. fxe5 {[%emt 0:03:30]} Nd7 {[%emt 0:02:48]} 16. Re1 {[%emt 0:09:16]} Qe6 {[%emt 0:11:51]} 17. Bf3 {[%emt 0:08:11]} c6 {[%emt 0:02:26]} 18. Bf4 {[%emt 0:01:08]} O-O {[%emt 0:00:40]} 19. Nd5 {[%emt 0:00:09]} Rb8 {[%emt 0:07:15]} 20. Bg3 {[%emt 0:09:20]} Nxe5 {[%emt 0:17:38]} 21. Kh1 {[%emt 0:07:07]} Rd8 {[%emt 0:03:29]} 22. Qe2 {[%emt 0:07:21]} Nxf3 {[%emt 0:05:40]} 23. Ne7+ {[%emt 0:00:40]} Kf7 {[%emt 0:02:18]} 24. Qxf3 {[%emt 0:00:15]} Qc4 {[%emt 0:00:10]} 25. Bxb8 {[%emt 0:00:10]} Be6 {[%emt 0:00:02]} 26. Nxg6 {[%emt 0:04:04]} Kxg6 {[%emt 0:00:24]} 27. Be5 {[%emt 0:00:26]} Bf8 {[%emt 0:01:43]} 28. b3 {[%emt 0:02:10]} Qxc2 {[%emt 0:00:57]} 29. Qg3+ {[%emt 0:01:35]} Kh7 {[%emt 0:01:03]} 30. Bf6 {[%emt 0:01:48]} Re8 {[%emt 0:00:50]} 31. Rad1 {[%emt 0:00:59]} Bf7 {[%emt 0:01:06]} 32. Rd7 {[%emt 0:01:39]} Rxe1+ {[%emt 0:00:15]} 33. Qxe1 {[%emt 0:00:04]} Kg6 {[%emt 0:00:19]} 34. Bd4 {[%emt 0:01:31]} f4 {[%emt 0:00:24]} 35. h3 {[%emt 0:01:16]} Qf5 {[%emt 0:02:09]} 36. Rd8 {[%emt 0:01:08]} Ba3 {[%emt 0:01:02]} 37. Qe5 {[%emt 0:00:46]} Qxe5 {[%emt 0:00:30]} 38. Bxe5 {[%emt 0:00:05]} Kf5 {[%emt 0:00:02]} 39. Bd6 {[%emt 0:00:18]} Bc1 {[%emt 0:01:06]} 40. Rd7 {[%emt 0:00:00]} 1-0

[Event "ROU-chT 1st League 2019"]
[Site "Mamaia"]
[Date "2019.09.25"]
[Round "5.29"]
[White "Ghimpu, Samuel-Timotei"]
[Black "Stoleriu, George"]
[Result "1/2-1/2"]
[WhiteElo "2158"]
[BlackElo "2351"]
[Annotator "NA"]
[PlyCount "27"]
[EventDate "2019.09.21"]
[EventType "team-tourn"]
[EventCountry "ROU"]
[SourceTitle "playchess.com"]
[Source "ChessBase"]
[SourceQuality "1"]
[TimeControl "40/5400+30:1800+30"]

1. e4 {[%emt 0:00:00]} e6 {[%emt 0:00:00]} 2. d4 {[%emt 0:00:00]} d5 {[%emt 0:00:00]} 3. Nd2 {[%emt 0:00:04]} Be7 {[%emt 0:01:10]} 4. Ngf3 {[%emt 0:02:10]} Nf6 {[%emt 0:00:14]} 5. Bd3 {[%emt 0:00:09]} c5 {[%emt 0:00:14]} 6. dxc5 {[%emt 0:00:06]} dxe4 {[%emt 0:05:51]} 7. Nxe4 {[%emt 0:00:36]} Nxe4 {[%emt 0:00:03]} 8. Bxe4 {[%emt 0:00:04]} Qxd1+ {[%emt 0:00:06]} 9. Kxd1 {[%emt 0:00:03]} Bxc5 {[%emt 0:00:16]} 10. Ke2 {[%emt 0:00:03]} Nd7 {[%emt 0:00:32]} 11. Be3 {[%emt 0:01:54]} Bxe3 {[%emt 0:02:27]} 12. Kxe3 {[%emt 0:00:02]} Nc5 {[%emt 0:03:25]} 13. Rhd1 {[%emt 0:01:58]} Nxe4 {[%emt 0:04:47]} 14. Kxe4 1/2-1/2

[Event "ROU-chT 1st League 2019"]
[Site "Mamaia"]
[Date "2019.09.25"]
[Round "5.30"]
[White "Petrisor, Adrian-Marian"]
[Black "Coca, Cristi-Iulian"]
[Result "1/2-1/2"]
[WhiteElo "2411"]
[BlackElo "2106"]
[Annotator "NA"]
[PlyCount "31"]
[EventDate "2019.09.21"]
[EventType "team-tourn"]
[EventCountry "ROU"]
[SourceTitle "playchess.com"]
[Source "ChessBase"]
[SourceQuality "1"]
[TimeControl "40/5400+30:1800+30"]

1. Nf3 {[%emt 0:00:00]} Nf6 {[%emt 0:00:00]} 2. g3 {[%emt 0:00:32]} g6 {[%emt 0:00:23]} 3. Bg2 {[%emt 0:00:06]} Bg7 {[%emt 0:00:07]} 4. O-O {[%emt 0:00:07]} O-O {[%emt 0:00:13]} 5. d4 {[%emt 0:00:05]} d6 {[%emt 0:01:00]} 6. c4 {[%emt 0:00:07]} a6 {[%emt 0:07:22]} 7. d5 {[%emt 0:06:38]} c6 {[%emt 0:01:49]} 8. Nc3 {[%emt 0:02:06]} cxd5 {[%emt 0:00:24]} 9. cxd5 {[%emt 0:00:04]} b5 {[%emt 0:13:07]} 10. a3 {[%emt 0:00:58]} Bb7 {[%emt 0:04:18]} 11. Nd4 {[%emt 0:01:16]} Qb6 {[%emt 0:06:10]} 12. Nc2 {[%emt 0:04:58]} Nbd7 {[%emt 0:03:01]} 13. Be3 {[%emt 0:00:53]} Qa5 {[%emt 0:04:35]} 14. Nb4 {[%emt 0:01:51]} Rac8 {[%emt 0:01:52]} 15. Rc1 {[%emt 0:08:20]} Rc4 {[%emt 0:08:26]} 16. Nc6 {[%emt 0:23:32]} 1/2-1/2

[Event "ROU-chT 1st League 2019"]
[Site "Mamaia"]
[Date "2019.09.26"]
[Round "6.1"]
[White "Kuzubov, Yuriy"]
[Black "Zubov, Alexander"]
[Result "1/2-1/2"]
[WhiteElo "2636"]
[BlackElo "2612"]
[Annotator "ChessBase"]
[PlyCount "76"]
[EventDate "2019.09.21"]
[EventType "team-tourn"]
[EventCountry "ROU"]
[SourceTitle "playchess.com"]
[Source "ChessBase"]
[SourceQuality "1"]
[TimeControl "40/5400+30:1800+30"]

1. d4 {[%emt 0:00:00]} Nf6 {[%emt 0:00:00]} 2. c4 {[%emt 0:00:00]} g6 {[%emt 0:00:00]} 3. f3 {[%emt 0:00:28]} e6 {[%emt 0:10:16]} 4. e4 {[%emt 0:03:35]} d5 {[%emt 0:00:06]} 5. cxd5 {[%emt 0:00:15]} exd5 {[%emt 0:00:05]} 6. Nc3 {[%emt 0:00:03]} dxe4 {[%emt 0:06:14]} 7. fxe4 {[%emt 0:00:26]} Bg7 {[%emt 0:08:08]} 8. Bg5 {[%emt 0:06:53]} h6 {[%emt 0:01:44]} 9. Bh4 {[%emt 0:02:59]} g5 {[%emt 0:01:53]} 10. Bg3 {[%emt 0:01:10]} O-O {[%emt 0:05:12]} 11. Nf3 {[%emt 0:40:42]} c5 {[%emt 0:08:12]} 12. dxc5 {[%emt 0:00:43]} Qa5 {[%emt 0:02:53]} 13. Qd2 {[%emt 0:01:12]} Re8 {[%emt 0:11:27]} 14. e5 {[%emt 0:06:29]} Nc6 {[%emt 0:04:55]} 15. Bb5 {[%emt 0:10:06]} Nh5 {[%emt 0:07:36]} 16. O-O {[%emt 0:05:48]} Nxg3 {[%emt 0:01:26]} 17. hxg3 {[%emt 0:00:06]} a6 {[%emt 0:01:38]} 18. Bxc6 {[%emt 0:00:47]} Qxc5+ {[%emt 0:00:30]} 19. Nd4 {[%emt 0:06:31]} bxc6 {[%emt 0:01:04]} 20. Qf2 {[%emt 0:00:03]} Be6 {[%emt 0:08:03]} 21. Ne4 {[%emt 0:04:19]} Qxe5 {[%emt 0:01:33]} 22. Nf6+ {[%emt 0:00:55]} Bxf6 {[%emt 0:01:12]} 23. Qxf6 {[%emt 0:00:04]} Qxf6 {[%emt 0:06:58]} 24. Rxf6 {[%emt 0:00:04]} Kg7 {[%emt 0:00:08]} 25. Rf3 {[%emt 0:06:53]} Bg4 {[%emt 0:07:07]} 26. Rf2 {[%emt 0:00:30]} c5 {[%emt 0:00:25]} 27. Nf5+ {[%emt 0:00:31]} Kg6 {[%emt 0:00:58]} 28. Nd6 {[%emt 0:00:05]} Re6 {[%emt 0:00:20]} 29. Nb7 {[%emt 0:01:17]} c4 {[%emt 0:01:42]} 30. Na5 {[%emt 0:01:04]} c3 {[%emt 0:01:27]} 31. bxc3 {[%emt 0:00:11]} Rc8 {[%emt 0:00:21]} 32. Rc1 {[%emt 0:00:47]} Re3 {[%emt 0:00:33]} 33. c4 {[%emt 0:00:44]} Rxg3 {[%emt 0:00:10]} 34. c5 {[%emt 0:00:41]} Be6 {[%emt 0:00:27]} 35. c6 {[%emt 0:00:38]} Ra3 {[%emt 0:01:25]} 36. Nc4 {[%emt 0:00:21]} Bxc4 {[%emt 0:01:15]} 37. Rxc4 {[%emt 0:00:03]} Rd3 {[%emt 0:00:36]} 38. c7 {[%emt 0:00:23]} Rd7 {[%emt 0:00:27]} 1/2-1/2

[Event "ROU-chT 1st League 2019"]
[Site "Mamaia"]
[Date "2019.09.26"]
[Round "6.2"]
[White "Sivuk, Vitaly"]
[Black "Baklan, Vladimir"]
[Result "1/2-1/2"]
[WhiteElo "2559"]
[BlackElo "2604"]
[Annotator "ChessBase"]
[PlyCount "58"]
[EventDate "2019.09.21"]
[EventType "team-tourn"]
[EventCountry "ROU"]
[SourceTitle "playchess.com"]
[Source "ChessBase"]
[SourceQuality "1"]
[TimeControl "40/5400+30:1800+30"]

1. d4 {[%emt 0:00:00]} Nf6 {[%emt 0:00:00]} 2. c4 {[%emt 0:00:00]} e6 {[%emt 0:00:00]} 3. Nc3 {[%emt 0:00:00]} Bb4 {[%emt 0:00:00]} 4. e3 {[%emt 0:00:08]} O-O {[%emt 0:00:01]} 5. Bd3 {[%emt 0:00:09]} c5 {[%emt 0:00:37]} 6. Nf3 {[%emt 0:00:10]} d5 {[%emt 0:01:15]} 7. O-O {[%emt 0:00:12]} dxc4 {[%emt 0:05:16]} 8. Bxc4 {[%emt 0:02:18]} Nc6 {[%emt 0:00:50]} 9. a3 {[%emt 0:00:16]} Bxc3 {[%emt 0:00:05]} 10. bxc3 {[%emt 0:00:07]} Qc7 {[%emt 0:00:02]} 11. Bb2 {[%emt 0:00:36]} e5 {[%emt 0:02:06]} 12. h3 {[%emt 0:00:39]} Bf5 {[%emt 0:02:07]} 13. Bb5 {[%emt 0:00:31]} e4 {[%emt 0:00:44]} 14. Nd2 {[%emt 0:00:11]} Rad8 {[%emt 0:00:52]} 15. Rc1 {[%emt 0:00:28]} h6 {[%emt 0:12:50]} 16. a4 {[%emt 0:02:08]} Rfe8 {[%emt 0:07:23]} 17. Ba3 {[%emt 0:16:32]} b6 {[%emt 0:02:32]} 18. f4 {[%emt 0:09:44]} Bd7 {[%emt 0:05:08]} 19. Qe2 {[%emt 0:10:50]} Na5 {[%emt 0:04:08]} 20. Rfd1 {[%emt 0:06:07]} a6 {[%emt 0:12:21]} 21. Bxd7 {[%emt 0:02:01]} Qxd7 {[%emt 0:00:06]} 22. dxc5 {[%emt 0:08:27]} Qxa4 {[%emt 0:05:12]} 23. Bb4 {[%emt 0:00:45]} Nb7 {[%emt 0:06:06]} 24. cxb6 {[%emt 0:17:27]} a5 {[%emt 0:00:29]} 25. Qa6 {[%emt 0:01:48]} Rd7 {[%emt 0:07:20]} 26. Ra1 {[%emt 0:04:33]} Qc2 {[%emt 0:00:20]} 27. Rac1 {[%emt 0:00:12]} Qa4 {[%emt 0:00:30]} 28. Ra1 {[%emt 0:00:05]} Qc2 {[%emt 0:01:31]} 29. Rac1 {[%emt 0:00:06]} Qa4 1/2-1/2